000 00822naa a2200253 c 4500
001 38228
003 ES-MaCES
005 20150925141955.0
008 071213n2007 sp t ||0 | spa d
035 _aCES20070007681v
040 _aES-MaCES
_bspa
_cES-MaCES
245 0 4 _aLas retenciones a cuenta
650 4 _adeducciones del salario
_929989
650 4 _asalario
_928387
650 4 _atrabajador independiente
_928412
650 4 _atrabajador
_928414
650 4 _aimpuesto sobre la renta de personas físicas
_928084
653 1 0 _aFiscalidad
650 4 _928077
_ahacienda pública
773 0 _tImpuestos
_gaño 23, n. 22 (15 nov. 2007){10161 R. 069444}; p. 1-10
_w(ES-MaCES)25178
_940384
902 _aART Artículo de revista
942 _2CES
_cAR
_h0.1.
999 _c38228
_d38228